Statistics for Countries that have hosted the Olympics

Click here to take the quiz!

General Stats

  • This quiz has been taken 78 times
  • The average score is 58 of 64

Answer Stats

YearCountries% Correct
1988South Korea
100%
2024South Korea
100%
2018South Korea
100%
2008China
99%
2022China
99%
2014China
99%
1900France
99%
1968France
99%
1992France
99%
2024France
99%
1924France
99%
1924France
99%
1972Germany
99%
2021Japan
99%
1998Japan
99%
1972Japan
99%
1964Japan
99%
1968Mexico
99%
1908United Kingdom
99%
2012United Kingdom
99%
1948United Kingdom
99%
1956Australia
97%
2000Australia
97%
2010Canada
97%
1976Canada
97%
1988Canada
97%
1904United States
97%
1984United States
97%
1932United States
97%
2028United States
97%
1980United States
97%
1996United States
97%
1932United States
97%
2002United States
97%
1960United States
97%
2016Brazil
96%
2004Greece
96%
1896Greece
96%
2014Russia
96%
1992Spain
96%
2026Italy
95%
1960Italy
95%
2006Italy
95%
1956Italy
95%
1994Norway
95%
1952Norway
95%
2016Norway
95%
1912Sweden
95%
1952Finland
92%
1976Austria
91%
1964Austria
91%
2012Austria
91%
2020Switzerland
89%
1928Switzerland
89%
1948Switzerland
89%
1920Belgium
82%
1928Netherlands
82%
1984Yugoslavia
80%
1980Soviet Union
78%
2018Argentina
65%
1936Nazi Germany
41%
1936Nazi Germany
41%
2010Singapore
24%
2026Senegal
7%

Score Distribution

Percentile by Number Answered

Percent of People with Each Score

Your Score History

You have not taken this quiz